<?xml version="1.0" encoding="UTF-8"?>
<record
    xmlns:xsi="http://www.w3.org/2001/XMLSchema-instance"
    xsi:schemaLocation="http://www.loc.gov/MARC21/slim http://www.loc.gov/standards/marcxml/schema/MARC21slim.xsd"
    xmlns="http://www.loc.gov/MARC21/slim">

  <leader>00363pam a2200145 a 4500</leader>
  <datafield tag="020" ind1=" " ind2=" ">
    <subfield code="a">978-81-203-2107-6</subfield>
    <subfield code="c"></subfield>
  </datafield>
  <datafield tag="041" ind1=" " ind2=" ">
    <subfield code="h"></subfield>
  </datafield>
  <datafield tag="082" ind1=" " ind2=" ">
    <subfield code="a">624.151'36</subfield>
  </datafield>
  <datafield tag="100" ind1=" " ind2=" ">
    <subfield code="a">Popov E.P.</subfield>
    <subfield code="e">Author</subfield>
  </datafield>
  <datafield tag="245" ind1=" " ind2=" ">
    <subfield code="a">Engineering Mechananics of Solids</subfield>
    <subfield code="c">Popov E.P.</subfield>
    <subfield code="h">Textual Documents </subfield>
  </datafield>
  <datafield tag="250" ind1=" " ind2=" ">
    <subfield code="a">1st Ed.</subfield>
  </datafield>
  <datafield tag="260" ind1=" " ind2=" ">
    <subfield code="b">PHI Learning Pvt. Ltd.</subfield>
    <subfield code="c">2012</subfield>
  </datafield>
  <datafield tag="300" ind1=" " ind2=" ">
    <subfield code="a">864</subfield>
  </datafield>
  <datafield tag="930" ind1=" " ind2=" ">
    <subfield code="a">650</subfield>
  </datafield>
  <datafield tag="999" ind1=" " ind2=" ">
    <subfield code="c">244760</subfield>
    <subfield code="d">244760</subfield>
  </datafield>
  <datafield tag="952" ind1=" " ind2=" ">
    <subfield code="0">0</subfield>
    <subfield code="1">0</subfield>
    <subfield code="4">0</subfield>
    <subfield code="7">0</subfield>
    <subfield code="8">General </subfield>
    <subfield code="a">ECL</subfield>
    <subfield code="b">ECL</subfield>
    <subfield code="d">1900-01-01</subfield>
    <subfield code="e">BMSGB Ltd.</subfield>
    <subfield code="g">450.00</subfield>
    <subfield code="l">0</subfield>
    <subfield code="o">624.151'36 </subfield>
    <subfield code="p">ECL-03510</subfield>
    <subfield code="r">2023-04-03 00:00:00</subfield>
    <subfield code="t">5</subfield>
    <subfield code="w">2023-04-03</subfield>
    <subfield code="y">BK</subfield>
  </datafield>
  <datafield tag="952" ind1=" " ind2=" ">
    <subfield code="0">0</subfield>
    <subfield code="1">0</subfield>
    <subfield code="4">0</subfield>
    <subfield code="7">0</subfield>
    <subfield code="8">General </subfield>
    <subfield code="a">ECL</subfield>
    <subfield code="b">ECL</subfield>
    <subfield code="d">1900-01-01</subfield>
    <subfield code="e">BMSGB Ltd.</subfield>
    <subfield code="g">450.00</subfield>
    <subfield code="l">0</subfield>
    <subfield code="o">624.151'36 </subfield>
    <subfield code="p">ECL-03509</subfield>
    <subfield code="r">2023-04-03 00:00:00</subfield>
    <subfield code="t">4</subfield>
    <subfield code="w">2023-04-03</subfield>
    <subfield code="y">BK</subfield>
  </datafield>
  <datafield tag="952" ind1=" " ind2=" ">
    <subfield code="0">0</subfield>
    <subfield code="1">0</subfield>
    <subfield code="4">0</subfield>
    <subfield code="7">0</subfield>
    <subfield code="8">General </subfield>
    <subfield code="a">ECL</subfield>
    <subfield code="b">ECL</subfield>
    <subfield code="d">1900-01-01</subfield>
    <subfield code="e">BMSGB Ltd.</subfield>
    <subfield code="g">450.00</subfield>
    <subfield code="l">0</subfield>
    <subfield code="o">624.151'36 </subfield>
    <subfield code="p">ECL-03508</subfield>
    <subfield code="r">2023-04-03 00:00:00</subfield>
    <subfield code="t">3</subfield>
    <subfield code="w">2023-04-03</subfield>
    <subfield code="y">BK</subfield>
  </datafield>
  <datafield tag="952" ind1=" " ind2=" ">
    <subfield code="0">0</subfield>
    <subfield code="1">0</subfield>
    <subfield code="4">0</subfield>
    <subfield code="7">0</subfield>
    <subfield code="8">General </subfield>
    <subfield code="a">ECL</subfield>
    <subfield code="b">ECL</subfield>
    <subfield code="d">1900-01-01</subfield>
    <subfield code="e">BMSGB Ltd.</subfield>
    <subfield code="g">450.00</subfield>
    <subfield code="l">1</subfield>
    <subfield code="o">624.151'36 </subfield>
    <subfield code="p">ECL-03507</subfield>
    <subfield code="r">2026-03-12 00:00:00</subfield>
    <subfield code="s">2026-03-11</subfield>
    <subfield code="t">2</subfield>
    <subfield code="w">2023-04-03</subfield>
    <subfield code="y">BK</subfield>
  </datafield>
  <datafield tag="952" ind1=" " ind2=" ">
    <subfield code="0">0</subfield>
    <subfield code="1">0</subfield>
    <subfield code="4">0</subfield>
    <subfield code="7">0</subfield>
    <subfield code="8">General </subfield>
    <subfield code="a">ECL</subfield>
    <subfield code="b">ECL</subfield>
    <subfield code="d">1900-01-01</subfield>
    <subfield code="e">BMSGB Ltd.</subfield>
    <subfield code="g">450.00</subfield>
    <subfield code="l">0</subfield>
    <subfield code="o">624.151'36 </subfield>
    <subfield code="p">ECL-03506</subfield>
    <subfield code="r">2023-04-03 00:00:00</subfield>
    <subfield code="t">1</subfield>
    <subfield code="w">2023-04-03</subfield>
    <subfield code="y">BK</subfield>
  </datafield>
</record>
